| 000 | 01203na a2200313 4500 | ||
|---|---|---|---|
| 999 |
_c7504 _d7504 |
||
| 001 | 21107 | ||
| 003 | MIRAKIL | ||
| 005 | 20200703120405.0 | ||
| 008 | 170131b tu 000 0 | ||
| 040 |
_aMilas _btur _cTR-AnCHP |
||
| 041 | _atur | ||
| 082 |
_aCHP 324.65 _bT1974g 2007 |
||
| 090 | _aCHP 324.65 T1974g 2007 | ||
| 110 |
_aTürkiye Cumhuriyeti _dYüksek Seçim Kurulu Başkanlığı |
||
| 222 | _aGenelgeler, vb. | ||
| 245 |
_a22 Temmuz 2007 Pazar günü yapılacak XXIII. dönem milletvekili genel seçiminde sandık kurullarının görev ve yetkilerini gösterir genelge _c[yayınlayan] CHP |
||
| 246 | _aCHP 2007 milletvekili seçimleri genelgesi | ||
| 260 |
_aAnkara _b[CHP] _c2007 |
||
| 300 |
_a32 s. _c15 sm. |
||
| 440 | _aYüksek Seçim Kurulu Başkanlığı Yayınları | ||
| 440 |
_aCumhuriyet Halk Partisi yayınları _pGenelgeler |
||
| 610 |
_aYüksek Seçim Kurulu _xGenel seçimler, 2007 _yGenelgeler |
||
| 610 |
_aCumhuriyet Halk Partisi (CHP) _xGenel seçimler, 2007 _yGenelgeler |
||
| 610 |
_aCumhuriyet Halk Partisi (CHP) _xGenelgeler, 2007 _ySandık kurulu üyeleri |
||
| 830 | _aCHP genelgeleri | ||
| 942 |
_2ddc _cBKS |
||
| 999 | _d7504 | ||